2022 FIFA World Cup Group F - Canada - Morocco - Statistics

General Stats
  • This quiz has been taken 51 times
  • The average score is 16 of 34
Answer Stats
Player % Correct
Hakim Ziyech ¹
93%
Achraf Hakimi
90%
Alphonso Davies
90%
Yassine Bounou
83%
Jonathan David
81%
Romain Saïss
81%
Sofyan Amrabat
81%
Youssef En-Nesyri ¹
79%
Noussair Mazraoui
74%
Nayef Aguerd
71%
Sofiane Boufal
71%
Azzedine Ounahi
57%
Atiba Hutchinson
55%
Cyle Larin
52%
Tajon Buchanan
48%
Milan Borjan
45%
Walid Regragui
45%
Selim Amallah
43%
Abdelhamid Sabiri
38%
Kamal Miller
33%
Abderrazak Hamdallah
29%
Alistair Johnston
29%
Jawad El Yamiq
29%
Zakaria Aboukhlal
29%
Steven Vitória
26%
Jonathan Osorio
24%
Junior Hoilett
24%
Sam Adekugbe
24%
Ismaël Koné
19%
John Herdman
19%
Mark-Anthony Kaye
19%
Richie Laryea
17%
David Wotherspoon
14%
Yahya Jabrane
14%
No matching quizzes found
Score Distribution
Percent of People with Each Score
Percentile by Number Answered
Your Score History
You have not taken this quiz